Normal view MARC view

Entry Topical Term

Number of records used in: 1

001 - CONTROL NUMBER

  • control field: 99826

003 - CONTROL NUMBER IDENTIFIER

  • control field: OSt

005 - DATE AND TIME OF LATEST TRANSACTION

  • control field: 20230508110214.0

008 - FIXED-LENGTH DATA ELEMENTS

  • fixed length control field: 230508|| aca||aabn | a|a d

040 ## - CATALOGING SOURCE

  • Original cataloging agency: OSt
  • Transcribing agency: OSt

150 ## - HEADING--TOPICAL TERM

  • Topical term or geographic name entry element: Derivatives & Risk Management

670 ## - SOURCE DATA FOUND

  • Source citation: Work cat.: (OSt)188512: Hull, John C 99825, Options futures and other derivatives /, 2013.